[Event "European Blitz 2017"]
[Site "Katowice POL"]
[Date "2017.12.15"]
[Round "1.32"]
[White "Klekowski, Maciej"]
[Black "Kadonas, Kestutis"]
[Result "1-0"]
[WhiteTitle "IM"]
[WhiteElo "2498"]
[BlackElo "1799"]
[WhiteFideId "1132717"]
[BlackFideId "12806226"]
[EventDate "2017.12.15"]
[EventType "blitz"]

1. c4 d6 2. Nc3 g6 3. d4 Nf6 4. g3 Bg7 5. Bg2 O-O 6. e3 Nbd7 7. Nge2 c5 8. O-O
Rb8 9. b3 a6 10. a4 b6 11. h3 Bb7 12. d5 Qc7 13. e4 e6 14. Be3 exd5 15. exd5
Rfe8 16. Qd2 Re7 17. Ra2 Rbe8 18. g4 Bc8 19. Bf4 Ne5 20. Ng3 Bxg4 21. hxg4 Nexg4
22. Raa1 h5 23. Bg5 Re5 24. Bf4 R5e7 25. Rfe1 h4 26. Nf1 Qd7 27. Rxe7 Rxe7 28.
Re1 Rxe1 29. Qxe1 Nh5 30. Bd2 Ne5 31. Qe2 h3 32. Bh1 Qf5 33. Ne4 Nf4 34. Bxf4
Qxf4 35. Qe3 Qf5 36. Nfg3 Ng4 37. Nxf5 Nxe3 38. Nxe3 1-0

[Event "European Blitz 2017"]
[Site "Katowice POL"]
[Date "2017.12.15"]
[Round "1.33"]
[White "Zarebski, Cezary"]
[Black "Kovalev, Denis"]
[Result "0-1"]
[BlackTitle "IM"]
[WhiteElo "1923"]
[BlackElo "2504"]
[WhiteFideId "1111558"]
[BlackFideId "14104059"]
[EventDate "2017.12.15"]
[EventType "blitz"]

1. e4 c6 2. d4 d5 3. e5 c5 4. Nf3 Nc6 5. Be2 cxd4 6. O-O Bg4 7. Nxd4 Bxe2 8.
Nxe2 Nxe5 9. Bf4 Nc6 10. Nbc3 Nf6 11. Qd2 e6 12. Rad1 Be7 13. a3 O-O 14. Nd4 Rc8
15. h3 Qb6 16. Nb3 Rfd8 17. Qe2 Bd6 18. Bg5 Be7 19. g4 d4 20. Ne4 Nxe4 21. Bxe7
Nxe7 22. Qxe4 Qc6 23. Qxc6 Nxc6 24. Rd2 e5 25. Re1 f6 26. Kg2 Kf7 27. Kg3 Rd5
28. h4 Na5 29. Nxa5 Rxa5 30. f4 Rac5 31. fxe5 fxe5 32. Ree2 Ke6 33. Rf2 R8c7 34.
Kf3 Kd5 35. Kg3 g6 36. h5 e4 37. hxg6 hxg6 38. Rf6 e3 39. Re2 Rxc2 40. Kf3 Rxe2
41. Kxe2 Rc2+ 42. Ke1 d3 43. Rxg6 Rc1# 0-1

[Event "European Blitz 2017"]
[Site "Katowice POL"]
[Date "2017.12.15"]
[Round "1.34"]
[White "Mohr, Georg"]
[Black "Lojek, Marek"]
[Result "1-0"]
[WhiteTitle "GM"]
[WhiteElo "2473"]
[BlackElo "2069"]
[WhiteFideId "14600013"]
[BlackFideId "358649"]
[EventDate "2017.12.15"]
[EventType "blitz"]

1. e4 c5 2. Nf3 d6 3. d4 cxd4 4. Nxd4 Nf6 5. f3 a6 6. c4 e5 7. Nc2 Nc6 8. Nc3
Be7 9. Be2 Be6 10. O-O O-O 11. Be3 Ne8 12. Nd5 Bg5 13. Bf2 f5 14. exf5 Bxf5 15.
Bd3 Bxd3 16. Qxd3 Ne7 17. Ncb4 Nf6 18. Rad1 Nfxd5 19. Nxd5 Rc8 20. b3 Kh8 21.
Nc3 Rc6 22. Ne4 Nf5 23. Rfe1 Be7 24. Re2 Qe8 25. Nc3 Qg6 26. Nd5 Bd8 27. Ne3 Qg5
28. Nxf5 Qxf5 29. Qxf5 Rxf5 30. c5 Be7 31. cxd6 Rxd6 32. Rxd6 Bxd6 33. Rd2 Rf6
34. Kf1 Kg8 35. Ke2 Kf7 36. Rc2 h5 37. Rc8 Re6 38. Kd3 Re7 39. Ke4 Ke6 40. Bh4
Rf7 41. Bg5 Rf5 42. Be3 Rf6 43. h4 Rg6 44. g4 hxg4 45. h5 Rf6 46. fxg4 Rf1 47.
g5 Rh1 48. h6 gxh6 49. gxh6 Kd7 50. Rg8 Ke6 51. Rg7 Rh4+ 52. Kd3 b5 53. Ra7 Kd5
54. Rxa6 e4+ 55. Ke2 Rh2+ 56. Kf1 Be5 57. Ra5 Kc6 58. Ra6+ Kc7 59. Re6 Rh5 60.
Rxe5 Rxe5 61. Bf4 1-0

[Event "European Blitz 2017"]
[Site "Katowice POL"]
[Date "2017.12.15"]
[Round "1.35"]
[White "Janzer, Hubert"]
[Black "Trent, Lawrence"]
[Result "0-1"]
[BlackTitle "IM"]
[WhiteElo "1846"]
[BlackElo "2436"]
[WhiteFideId "1162187"]
[BlackFideId "408638"]
[EventDate "2017.12.15"]
[EventType "blitz"]

1. e4 g6 2. Nc3 Bg7 3. d4 d6 4. f4 a6 5. Nf3 b5 6. a3 Bb7 7. Bd3 Nd7 8. O-O c5
9. dxc5 Nxc5 10. Be3 Rc8 11. e5 Nxd3 12. cxd3 Nh6 13. d4 O-O 14. Qb3 Nf5 15. Bf2
Bxf3 16. gxf3 Rc4 17. Rad1 Qc8 18. Ne4 d5 19. Nc5 Bh6 20. Nd3 Nxd4 21. Bxd4 Rxd4
22. Nb4 Rxd1 23. Rxd1 e6 24. Nd3 Qc4 25. Qb4 Qxb4 26. axb4 Rc8 27. Ra1 Rc4 28.
Rxa6 Rd4 29. Nc5 Bxf4 30. Nd7 Kg7 31. Ra7 Rxb4 32. Rb7 Rxb2 33. h3 b4 34. Nc5
Be3+ 0-1

[Event "European Blitz 2017"]
[Site "Katowice POL"]
[Date "2017.12.15"]
[Round "1.36"]
[White "Castellanos Rodriguez, Renier"]
[Black "Tyurin, Artem"]
[Result "1-0"]
[WhiteTitle "IM"]
[WhiteElo "2501"]
[BlackElo "1820"]
[WhiteFideId "3404650"]
[BlackFideId "44130112"]
[EventDate "2017.12.15"]
[EventType "blitz"]

1. Nf3 Nf6 2. c4 g6 3. b3 Bg7 4. Bb2 O-O 5. g3 d6 6. Bg2 e5 7. d3 Nc6 8. O-O Nd7
9. Nc3 f5 10. e3 Nf6 11. a3 h6 12. b4 g5 13. Rc1 f4 14. Nd2 g4 15. exf4 exf4 16.
Re1 Bf5 17. Nde4 f3 18. Bf1 Re8 19. Nxf6+ Bxf6 20. Ba1 Nd4 21. Nd5 Rxe1 22.
Nxf6+ Qxf6 23. Qxe1 Kg7 24. c5 d5 25. Qe3 Rd8 26. Bxd4 1-0

[Event "European Blitz 2017"]
[Site "Katowice POL"]
[Date "2017.12.15"]
[Round "1.38"]
[White "Moskalenko, Alexander"]
[Black "Koliasnikovas, Aironas"]
[Result "1-0"]
[WhiteTitle "IM"]
[WhiteElo "2522"]
[BlackElo "1684"]
[WhiteFideId "4155351"]
[BlackFideId "12814148"]
[EventDate "2017.12.15"]
[EventType "blitz"]

1. e4 c5 2. Nf3 Nc6 3. Nc3 d6 4. d4 cxd4 5. Nxd4 e5 6. Nb3 Nf6 7. Bc4 Be7 8. O-O
O-O 9. Re1 a6 10. a4 Be6 11. Bxe6 fxe6 12. Bg5 Nd7 13. Be3 Rc8 14. a5 Qe8 15. f3
Qg6 16. Na4 Kh8 17. Kh1 h6 18. c4 Ncb8 19. Qe2 d5 20. exd5 exd5 21. cxd5 Rc2 22.
Nd2 Bb4 23. Nc3 Rxb2 24. Nce4 Nf6 25. Reb1 Rxb1+ 26. Rxb1 Nxe4 27. Nxe4 Bxa5 28.
Rxb7 Rc8 29. h3 Qe8 30. Nd6 Qd8 31. Nf7+ 1-0

[Event "European Blitz 2017"]
[Site "Katowice POL"]
[Date "2017.12.15"]
[Round "1.39"]
[White "Wozny, Tomasz"]
[Black "Kovalev, Vladislav"]
[Result "0-1"]
[BlackTitle "GM"]
[WhiteElo "1755"]
[BlackElo "2639"]
[WhiteFideId "1105795"]
[BlackFideId "13504398"]
[EventDate "2017.12.15"]
[EventType "blitz"]

1. d4 Nf6 2. Nf3 g6 3. g3 Bg7 4. Bg2 O-O 5. O-O d6 6. c4 Nbd7 7. Nc3 e5 8. dxe5
Nxe5 9. Nxe5 dxe5 10. e4 c6 11. Bg5 Be6 12. Qe2 Qd4 13. Rfd1 Qxc4 14. Qxc4 Bxc4
15. Bxf6 Bxf6 16. Rd7 Rab8 17. Bh3 Rfd8 18. Rad1 Kf8 19. b3 Ba6 20. Na4 Be2 21.
Rxd8+ Bxd8 22. Rd2 Bf3 23. Nc5 Ke8 24. Nd7 Ra8 25. Nxe5 Bxe4 26. Re2 f5 27. f3
Bb6+ 28. Kg2 Bd5 29. Nxc6+ Kd7 30. Nb4 Be6 31. Rd2+ Ke7 32. Re2 Rd8 33. Nc2 Kf6
34. g4 Rc8 35. gxf5 gxf5 0-1

[Event "European Blitz 2017"]
[Site "Katowice POL"]
[Date "2017.12.15"]
[Round "1.40"]
[White "Tari, Aryan"]
[Black "Daniszkowicz, Bohdan"]
[Result "1-0"]
[WhiteTitle "GM"]
[WhiteElo "2593"]
[BlackElo "1829"]
[WhiteFideId "1510045"]
[BlackFideId "1115251"]
[EventDate "2017.12.15"]
[EventType "blitz"]

1. Nf3 d5 2. d4 e6 3. c4 f5 4. Bf4 c6 5. e3 Nf6 6. Nc3 Bd6 7. Ne5 O-O 8. Be2 Ne4
9. Nxe4 fxe4 10. O-O Nd7 11. Nxc6 Qc7 12. Ne7+ Kh8 13. cxd5 exd5 14. Nxd5 Qc6
15. Qb3 Bxf4 16. Nxf4 Nf6 17. Rac1 Qe8 18. Rc7 Bg4 19. Bxg4 Nxg4 20. h3 Nf6 21.
Qxb7 1-0

[Event "European Blitz 2017"]
[Site "Katowice POL"]
[Date "2017.12.15"]
[Round "1.42"]
[White "Manik, Mikulas"]
[Black "Colilli, Lorenzo"]
[Result "1-0"]
[WhiteTitle "GM"]
[WhiteElo "2415"]
[BlackElo "1750"]
[WhiteFideId "14900734"]
[BlackFideId "262633"]
[EventDate "2017.12.15"]
[EventType "blitz"]

1. e4 c5 2. Nf3 d6 3. d4 cxd4 4. Nxd4 Nf6 5. Nc3 a6 6. Bg5 e6 7. f4 Be7 8. Qf3
O-O 9. O-O-O Nbd7 10. Bd3 Qc7 11. Rhe1 Rb8 12. Kb1 b5 13. e5 Bb7 14. Qh3 dxe5
15. Bxf6 Nxf6 16. fxe5 1-0

[Event "European Blitz 2017"]
[Site "Katowice POL"]
[Date "2017.12.15"]
[Round "1.43"]
[White "Ozkan, Salih"]
[Black "Jaracz, Pawel"]
[Result "0-1"]
[BlackTitle "GM"]
[WhiteElo "1769"]
[BlackElo "2465"]
[WhiteFideId "34513434"]
[BlackFideId "1102222"]
[EventDate "2017.12.15"]
[EventType "blitz"]

1. d4 d5 2. Bf4 c5 3. c3 Nc6 4. e3 e6 5. Nf3 Bd6 6. Bg3 Nf6 7. Nbd2 O-O 8. Bd3
b6 9. Ne5 Bb7 10. Ndf3 Qc7 11. h4 Ne7 12. Ng5 Nf5 13. Bxf5 exf5 14. f4 h6 15.
Bf2 Rae8 16. Ngf3 Ne4 17. Nd2 Nxd2 18. Qxd2 f6 19. Ng6 Rf7 20. O-O-O cxd4 21.
exd4 Re4 22. Qd3 Qd7 23. Rhg1 b5 24. g4 fxg4 25. h5 Bc6 26. Rdf1 Qf5 27. Nh4
Qxh5 28. Qd1 Bxf4+ 29. Kb1 Bg5 30. Nf5 Qg6 31. Ka1 Qxf5 32. Bg3 Qe6 33. Rg2 Re7
34. Rh1 Be8 35. Bb8 Re2 36. Rxe2 Qxe2 37. Qb1 Qe4 38. Qd1 Bg6 39. Bd6 Re6 40.
Bc5 a6 41. a4 Qe2 42. Qb3 Qc4 43. Qxc4 bxc4 44. Ka2 g3 45. Rg1 Bf4 46. b3 cxb3+
47. Kxb3 h5 48. c4 Be4 49. Bb6 dxc4+ 50. Kxc4 Rc6+ 51. Bc5 Bd6 52. d5 Rxc5+ 53.
Kd4 0-1

[Event "European Blitz 2017"]
[Site "Katowice POL"]
[Date "2017.12.15"]
[Round "1.44"]
[White "Miton, Kamil"]
[Black "Jedrocha, Katarzyna"]
[Result "1-0"]
[WhiteTitle "GM"]
[WhiteElo "2584"]
[BlackElo "1921"]
[WhiteFideId "1111914"]
[BlackFideId "1163914"]
[EventDate "2017.12.15"]
[EventType "blitz"]

1. d4 f5 2. Nf3 Nf6 3. c4 d6 4. Nc3 g6 5. Bf4 Bg7 6. h3 O-O 7. e3 e6 8. Be2 Nc6
9. d5 e5 10. Bh2 Ne7 11. Nd2 Bd7 12. Qc2 c6 13. dxc6 bxc6 14. c5 Be6 15. cxd6
Qxd6 16. Nc4 Bxc4 17. Bxc4+ Kh8 18. O-O Nfd5 19. Rfd1 Qc5 20. Na4 Qa5 21. a3
Rfd8 22. b4 Qc7 23. Nc5 Qc8 24. Ba6 Qb8 25. Bb7 a6 26. Bxa8 Qxa8 27. Ne6 Rd7 28.
Nxg7 Kxg7 29. Bxe5+ Kg8 30. Rac1 a5 31. Ba1 1-0

[Event "European Blitz 2017"]
[Site "Katowice POL"]
[Date "2017.12.15"]
[Round "1.45"]
[White "Parol, Pola"]
[Black "Piorun, Kacper"]
[Result "0-1"]
[BlackTitle "GM"]
[WhiteElo "1929"]
[BlackElo "2651"]
[WhiteFideId "1163116"]
[BlackFideId "1130420"]
[EventDate "2017.12.15"]
[EventType "blitz"]

1. e4 g6 2. d4 Bg7 3. Nc3 c5 4. Nf3 cxd4 5. Nxd4 Nc6 6. Be3 Nf6 7. Bc4 Qa5 8.
O-O O-O 9. f3 d6 10. Qd2 Bd7 11. Nb3 Qc7 12. Nb5 Qb8 13. a4 Ne5 14. Be2 Rc8 15.
N3d4 d5 16. exd5 Nxd5 17. Bh6 Bxh6 18. Qxh6 a6 19. Na3 Qa7 20. c3 Nc6 21. Rfd1
e5 22. Kh1 exd4 23. cxd4 Qb8 24. Nc4 Be6 25. b3 Rd8 26. Rd3 Qf4 27. Qxf4 Nxf4
28. Rd2 Nxe2 29. Rxe2 Nxd4 0-1

[Event "European Blitz 2017"]
[Site "Katowice POL"]
[Date "2017.12.15"]
[Round "1.46"]
[White "Meskovs, Nikita"]
[Black "Laszczak, Przemyslaw"]
[Result "1-0"]
[WhiteTitle "GM"]
[WhiteElo "2538"]
[BlackElo "2100"]
[WhiteFideId "11602740"]
[BlackFideId "1185861"]
[EventDate "2017.12.15"]
[EventType "blitz"]

1. c4 c6 2. Nf3 d5 3. e3 Nf6 4. b3 e6 5. Bb2 Be7 6. Qc2 O-O 7. d4 Ne4 8. Nbd2 f5
9. Bd3 Nd7 10. O-O Ndf6 11. Ne5 Qe8 12. f3 Nxd2 13. Qxd2 g5 14. e4 f4 15. Rae1
dxe4 16. Bxe4 Qh5 17. h3 h6 18. Bg6 Qh4 19. Bc2 Qg3 20. Ng6 Rf7 21. Nxe7+ Rxe7
22. d5 Ne8 23. d6 Rf7 24. Bg6 Bd7 25. Bxf7+ Kxf7 26. Qd3 Nf6 27. Bxf6 Kxf6 28.
Qh7 1-0

[Event "European Blitz 2017"]
[Site "Katowice POL"]
[Date "2017.12.15"]
[Round "1.47"]
[White "Dwilewicz, Agata"]
[Black "Neiksans, Arturs"]
[Result "0-1"]
[BlackTitle "GM"]
[WhiteElo "1904"]
[BlackElo "2590"]
[WhiteFideId "1163965"]
[BlackFideId "11601388"]
[EventDate "2017.12.15"]
[EventType "blitz"]

1. e4 Nf6 2. e5 Nd5 3. d4 d6 4. exd6 exd6 5. Nf3 Be7 6. Bd3 O-O 7. O-O Bf6 8.
Nbd2 Nf4 9. Ne4 Nxd3 10. Qxd3 Bf5 11. Nxf6+ Qxf6 12. Qc3 c6 13. Bg5 Qg6 14. Rac1
Be4 15. Bf4 Nd7 16. Bg3 Nb6 17. Qb4 Bxf3 18. gxf3 Rad8 19. c4 f5 20. f4 Qf7 21.
Qb3 Rde8 22. a4 Re4 23. a5 Nc8 24. Qd3 Rfe8 25. Qd2 Re2 26. Qc3 Ne7 27. b3 Ng6
28. Rce1 Qe7 29. Rxe2 Qxe2 30. c5 d5 31. b4 a6 32. Rc1 h5 33. h4 Qg4 34. Re1 Re4
35. Rxe4 fxe4 36. Qe3 Nxh4 37. Kf1 Qd1+ 38. Qe1 Qxe1+ 39. Kxe1 Nf5 40. Kd2 Nxd4
41. Bh4 Nf5 42. Bg5 Kf7 43. Ke2 Ke6 44. Kd2 d4 45. Ke2 Kd5 46. f3 exf3+ 47. Kxf3
d3 0-1

[Event "European Blitz 2017"]
[Site "Katowice POL"]
[Date "2017.12.15"]
[Round "1.48"]
[White "Warakomski, Tomasz"]
[Black "Petri, Ben-Luca"]
[Result "1-0"]
[WhiteTitle "GM"]
[WhiteElo "2537"]
[BlackElo "1747"]
[WhiteFideId "1124552"]
[BlackFideId "12947261"]
[EventDate "2017.12.15"]
[EventType "blitz"]

1. e4 e5 2. Nf3 Nc6 3. Bc4 Bc5 4. c3 Nf6 5. d3 d6 6. O-O a6 7. a4 h6 8. Nbd2 Ba7
9. Re1 O-O 10. Nf1 Ne7 11. d4 Ng6 12. Bb3 Re8 13. Ng3 c6 14. h3 Be6 15. Bc2 1-0

[Event "European Blitz 2017"]
[Site "Katowice POL"]
[Date "2017.12.15"]
[Round "1.49"]
[White "Panczak, Tomasz"]
[Black "Heberla, Bartlomiej"]
[Result "0-1"]
[BlackTitle "GM"]
[WhiteElo "1826"]
[BlackElo "2555"]
[WhiteFideId "1138820"]
[BlackFideId "1115120"]
[EventDate "2017.12.15"]
[EventType "blitz"]

1. c4 e5 2. Nc3 Nc6 3. e3 f5 4. Nge2 Nf6 5. g3 d5 6. cxd5 Nxd5 7. Bg2 Ndb4 8. d4
e4 9. O-O Bd6 10. Nb5 Be6 11. Nxd6+ Qxd6 12. Nf4 Bc4 13. Re1 O-O 14. a3 Nd3 15.
Nxd3 Bxd3 16. Bf1 Bxf1 17. Rxf1 Ne7 18. Bd2 Nd5 19. Rc1 c6 20. Qb3 Qd7 21. Bb4
Rf6 22. f3 Re8 23. f4 Qe6 24. Bd2 Nxf4 25. Qxb7 Ne2+ 26. Kg2 Nxc1 27. Rxc1 f4
28. Rc5 f3+ 29. Kf2 Qh3 0-1

[Event "European Blitz 2017"]
[Site "Katowice POL"]
[Date "2017.12.15"]
[Round "1.50"]
[White "Zelbel, Patrick"]
[Black "Wikar, Martyna"]
[Result "1-0"]
[WhiteTitle "IM"]
[WhiteElo "2456"]
[BlackElo "1880"]
[WhiteFideId "24624322"]
[BlackFideId "21807663"]
[EventDate "2017.12.15"]
[EventType "blitz"]

1. e4 c5 2. c3 d5 3. exd5 Qxd5 4. Nf3 Nf6 5. Na3 e6 6. Be2 Qd8 7. O-O Be7 8. Nc2
Nc6 9. d4 O-O 10. Re1 b6 11. Bg5 Bb7 12. h3 Rc8 13. Bd3 cxd4 14. cxd4 h6 15. Bf4
Nd5 16. Bd2 Bf6 17. Qe2 Nde7 18. Qe4 Nf5 19. Bc3 Qd7 20. Qg4 Nce7 21. Rad1 Rfd8
22. Ne5 Bxe5 23. dxe5 Qc7 24. Be4 Rxd1 25. Rxd1 Bc6 26. Nb4 Bxe4 27. Qxe4 a5 28.
Nd3 Nd5 29. Rc1 Qd7 30. Bd2 Rxc1+ 31. Bxc1 Qc7 32. Qe2 Nb4 33. Bf4 Qc2 34. Qxc2
Nxc2 35. a3 Ncd4 36. Kf1 Kf8 37. Ke1 g5 38. Bd2 Ke7 39. Kd1 Kd7 40. g4 Ne7 41.
Be3 Nec6 42. Kd2 Nf3+ 43. Ke2 Nfxe5 44. Nxe5+ Nxe5 45. Bxb6 Nc4 46. Bd4 e5 47.
Bc3 Kd6 48. Kd3 Kd5 49. f3 a4 50. Ke2 f6 51. Kd3 Nd6 52. Bb4 Nc4 53. Kc3 Ne3 54.
Bf8 f5 55. Bxh6 fxg4 56. hxg4 e4 57. fxe4+ Kxe4 58. Bxg5 Nxg4 59. Kb4 Kd5 60.
Kxa4 Ne5 61. Kb3 Kc5 62. Be3+ Kb5 63. a4+ Ka6 64. Kc3 Nc6 65. b4 Ne7 66. Kc4 Nc8
67. Bd2 Kb6 68. a5+ Ka7 69. b5 Nd6+ 70. Kc5 Nb7+ 71. Kc6 Nd8+ 72. Kc7 Ne6+ 73.
Kd6 Nd8 74. a6 Kb6 75. Be3+ Kxb5 76. a7 1-0

[Event "European Blitz 2017"]
[Site "Katowice POL"]
[Date "2017.12.15"]
[Round "1.51"]
[White "Gozdziewicz, Robert"]
[Black "Dziuba, Marcin"]
[Result "0-1"]
[BlackTitle "GM"]
[WhiteElo "1925"]
[BlackElo "2584"]
[WhiteFideId "1168827"]
[BlackFideId "1112953"]
[EventDate "2017.12.15"]
[EventType "blitz"]

1. e4 c6 2. d4 d5 3. e5 Bf5 4. Nc3 e6 5. g4 Bg6 6. Nge2 c5 7. Nf4 cxd4 8. Nxg6
hxg6 9. Qxd4 Nc6 10. Bb5 Ne7 11. Bg5 a6 12. Bxc6+ Nxc6 13. Qd2 Qa5 14. O-O-O Bb4
15. a3 Bxc3 16. Qxc3 Qxc3 17. bxc3 Nxe5 18. h3 f6 19. Bf4 Nc4 20. a4 Kf7 21. Rd4
g5 22. Bg3 Rac8 23. Rhd1 Rxh3 24. R4d3 0-1

[Event "European Blitz 2017"]
[Site "Katowice POL"]
[Date "2017.12.15"]
[Round "1.52"]
[White "Tomczak, Jacek"]
[Black "Marczak, Szymon"]
[Result "1-0"]
[WhiteTitle "GM"]
[WhiteElo "2588"]
[BlackElo "1855"]
[WhiteFideId "1124668"]
[BlackFideId "1192884"]
[EventDate "2017.12.15"]
[EventType "blitz"]

1. e4 c5 2. Nf3 e6 3. d4 cxd4 4. Nxd4 Nc6 5. Nc3 Qc7 6. Be2 Nf6 7. O-O Be7 8.
Be3 a6 9. f4 d6 10. Qe1 Nxd4 11. Bxd4 e5 12. Be3 exf4 13. Rxf4 Be6 14. Qg3 O-O
15. Bd4 Kh8 16. Raf1 Rad8 17. Rxf6 Bxf6 18. Rxf6 Qe7 19. Qxg7+ Kxg7 20. Rxe6+ 1-0

[Event "European Blitz 2017"]
[Site "Katowice POL"]
[Date "2017.12.15"]
[Round "1.53"]
[White "Luczak, Filip"]
[Black "Gajewski, Grzegorz"]
[Result "0-1"]
[WhiteTitle "CM"]
[BlackTitle "GM"]
[WhiteElo "2069"]
[BlackElo "2601"]
[WhiteFideId "1193686"]
[BlackFideId "1116207"]
[EventDate "2017.12.15"]
[EventType "blitz"]

1. e4 c5 2. Nf3 e6 3. d4 cxd4 4. Nxd4 a6 5. Bd3 Bc5 6. Nb3 Be7 7. Be3 d6 8. O-O
Nf6 9. a4 b6 10. c4 Bb7 11. Nc3 O-O 12. f3 Nc6 13. a5 bxa5 14. Nd4 Nd7 15. Qa4
Nc5 16. Nxc6 Bxc6 17. Qxc6 Rc8 18. Qxc8 Qxc8 19. Bc2 Bd8 20. Rfd1 Qc6 21. Na4
Nb7 22. b3 Bc7 23. Rd2 Nc5 24. Nc3 Rb8 25. Ra3 Nd7 26. Na2 Bb6 27. Bf2 Bxf2+ 28.
Kxf2 Qc5+ 0-1

[Event "European Blitz 2017"]
[Site "Katowice POL"]
[Date "2017.12.15"]
[Round "1.54"]
[White "Olszewski, Michal"]
[Black "Jankowiak, Piotr"]
[Result "1-0"]
[WhiteTitle "GM"]
[WhiteElo "2540"]
[BlackElo "1917"]
[WhiteFideId "1121251"]
[BlackFideId "1185250"]
[EventDate "2017.12.15"]
[EventType "blitz"]

1. e4 e5 2. Nf3 Nc6 3. Bb5 a6 4. Ba4 Nf6 5. Qe2 b5 6. Bb3 Be7 7. c3 d6 8. O-O
O-O 9. d4 Bb7 10. Rd1 Qc8 11. Nbd2 h6 12. Nf1 Re8 13. Ng3 Bf8 14. dxe5 Nxe5 15.
Nxe5 Rxe5 16. f3 g6 17. Be3 Bg7 18. Qd2 h5 19. Bd4 Re8 20. Qg5 Qd8 21. Qxg6 Qe7
22. Nf5 1-0

[Event "European Blitz 2017"]
[Site "Katowice POL"]
[Date "2017.12.15"]
[Round "1.56"]
[White "Zelcic, Robert"]
[Black "Kopaczewski, Adam"]
[Result "1-0"]
[WhiteTitle "GM"]
[WhiteElo "2501"]
[BlackElo "1996"]
[WhiteFideId "14500310"]
[BlackFideId "1187309"]
[EventDate "2017.12.15"]
[EventType "blitz"]

1. e4 e5 2. Nf3 Nc6 3. d4 exd4 4. Bc4 Nf6 5. e5 d5 6. Bb5 Ne4 7. Nxd4 Bd7 8.
Bxc6 bxc6 9. O-O Bc5 10. f3 Ng5 11. f4 Ne4 12. Be3 Qe7 13. Nd2 Nd6 14. Kh1 Nf5
15. Nxf5 Bxf5 16. Bxc5 Qxc5 17. Nb3 Qb6 18. Nd4 Be4 19. f5 c5 20. Nb3 O-O 21.
Nd2 Qxb2 22. Nxe4 dxe4 23. Qd5 Qxc2 24. Rac1 Qd3 25. Qxc5 e3 26. Rf3 Rad8 27.
Qxe3 Qxe3 28. Rxe3 Rd2 29. a3 Rfd8 30. h3 Rd1+ 31. Rxd1 Rxd1+ 32. Kh2 Rc1 33. g4
Kf8 34. Rb3 Ke7 35. Kg3 a5 36. Kf4 a4 37. Rb4 Rc3 38. Rxa4 Rxh3 39. Ra7 Kd7 40.
a4 Kc6 41. Ra8 Ra3 42. Kg5 h6+ 43. Kh4 Kb7 44. Rf8 c5 45. Rxf7+ Kb6 46. Rxg7 c4
47. Rg8 Kb7 48. Rd8 c3 49. Rd4 Ra1 50. Rc4 Rh1+ 51. Kg3 Rg1+ 52. Kf3 Rf1+ 53.
Kg2 Rc1 54. f6 c2 55. f7 1-0

[Event "European Blitz 2017"]
[Site "Katowice POL"]
[Date "2017.12.15"]
[Round "1.57"]
[White "Dzwierzynski, Bartosz"]
[Black "Kislinsky, Alexey"]
[Result "0-1"]
[BlackTitle "GM"]
[WhiteElo "1826"]
[BlackElo "2513"]
[WhiteFideId "21812837"]
[BlackFideId "14108801"]
[EventDate "2017.12.15"]
[EventType "blitz"]

1. d4 Nf6 2. c4 c5 3. d5 b5 4. cxb5 a6 5. bxa6 g6 6. g3 d6 7. Bg2 Bg7 8. Bd2 O-O
9. Bc3 Nxa6 10. Nh3 Nb4 11. a3 Bf5 12. Bxb4 cxb4 13. O-O Nd7 14. e4 Bxh3 15.
Bxh3 Bxb2 16. Ra2 bxa3 17. Nd2 Nc5 18. Bg2 Qa5 19. Nc4 Qb4 20. Qc2 Na4 21. f4
Rfc8 0-1

[Event "European Blitz 2017"]
[Site "Katowice POL"]
[Date "2017.12.15"]
[Round "1.58"]
[White "Fedorchuk, Sergey A."]
[Black "Wilk, Piotr"]
[Result "1-0"]
[WhiteTitle "GM"]
[WhiteElo "2648"]
[BlackElo "1708"]
[WhiteFideId "14102536"]
[BlackFideId "1146424"]
[EventDate "2017.12.15"]
[EventType "blitz"]

1. e4 c5 2. Nf3 Nc6 3. Bb5 e6 4. O-O a6 5. Bxc6 bxc6 6. d3 d5 7. Qe2 Nf6 8. c4
Be7 9. Nc3 O-O 10. Re1 Bb7 11. b3 Qc7 12. h3 Rad8 13. Na4 Nd7 14. Ba3 d4 15. e5
Rfe8 16. Qe4 Rf8 17. Nxd4 1-0

[Event "European Blitz 2017"]
[Site "Katowice POL"]
[Date "2017.12.15"]
[Round "1.60"]
[White "Tregubov, Pavel V."]
[Black "Drozniak, Stanislaw"]
[Result "1-0"]
[WhiteTitle "GM"]
[WhiteElo "2575"]
[BlackElo "2074"]
[WhiteFideId "4115341"]
[BlackFideId "1188895"]
[EventDate "2017.12.15"]
[EventType "blitz"]

1. d4 f5 2. Nf3 Nf6 3. g3 e6 4. Bg2 Be7 5. O-O O-O 6. c4 d6 7. b3 a5 8. Nc3 Na6
9. Bb2 Qe8 10. a3 Qh5 11. e3 Ne4 12. Nxe4 fxe4 13. Nd2 Qxd1 14. Raxd1 d5 15. f3
Bg5 16. Rfe1 exf3 17. Nxf3 Bf6 18. Rd2 a4 19. cxd5 exd5 20. b4 Bf5 21. Ne5 c6
22. b5 Bxe5 23. bxa6 Bc7 24. axb7 Rab8 25. Rc1 Bd7 26. e4 Ba5 27. Bc3 Bxc3 28.
Rxc3 dxe4 29. Bxe4 Rxb7 30. Bxc6 Rb1+ 31. Kg2 Bg4 32. h3 Be6 33. d5 Bf5 34. d6
Rd8 35. g4 Bd7 36. Bxd7 Rxd7 37. Rc7 Rd8 38. Ra7 Rb6 39. d7 Kf7 40. Rxa4 Ke7 41.
Re4+ Re6 42. Rxe6+ Kxe6 43. Kf3 g5 44. Ke4 1-0

[Event "European Blitz 2017"]
[Site "Katowice POL"]
[Date "2017.12.15"]
[Round "1.61"]
[White "Kacprzak, Karol"]
[Black "Schneider, Ilja"]
[Result "0-1"]
[BlackTitle "IM"]
[WhiteElo "1818"]
[BlackElo "2517"]
[WhiteFideId "21819327"]
[BlackFideId "4663306"]
[EventDate "2017.12.15"]
[EventType "blitz"]

1. e4 d6 2. d4 Nf6 3. Nc3 e5 4. dxe5 dxe5 5. Qxd8+ Kxd8 6. Nf3 Bd6 7. Bc4 Be6 8.
Bxe6 fxe6 9. h3 Ke7 10. Be3 Nc6 11. O-O-O a6 12. a3 h6 13. Nd2 b5 14. Nb3 Nd7
15. f3 Rhb8 16. g4 a5 17. g5 h5 18. g6 b4 19. axb4 axb4 20. Ne2 Na5 21. Nd2 b3
22. c3 Bc5 23. Bxc5+ Nxc5 24. Nf1 Nc4 25. Kb1 Ra2 26. Rd2 Rba8 0-1